Producción orgánica de plantines hortícolas : empleo de materiales alternativos como componentes de sustrato /

Guardado en:
Autor Principal: González, Ezequiel Bernardo.
Autor Corporativo: Universidad Nacional del Sur. Departamento de Agronomía.
Otros Autores: Ayastuy, Miren Edurne, (tutor.)
Formato: Libro
Idioma:Undetermined
Publicado: Bahía Blanca, 2013.
Etiquetas: Agregar Etiqueta
Sin Etiquetas, Sea el primero en etiquetar este registro!
LEADER 00744nam a22001575a 4500
001 EEA.libagro009302
005 20171013102922.0
008 140128s2013####ag############000#0#und#d
100 1 |a González, Ezequiel Bernardo. 
245 1 0 |a Producción orgánica de plantines hortícolas :  |b empleo de materiales alternativos como componentes de sustrato /  |c Ezequiel Bernardo González. 
260 |a Bahía Blanca,  |c 2013. 
300 |a 50 h. :  |b il. col ;  |c 30 cm. 
500 |a Trabajo de intensificación (Ingeniero Agrónomo) -- Universidad Nacional del Sur. Departamento de Agronomía, 2013. 
700 1 |a Ayastuy, Miren Edurne,  |e tutor. 
710 2 |a Universidad Nacional del Sur.  |b Departamento de Agronomía. 
859 |a AR-BbBCA  |b BIB. AGRONOMIA  |h 635  |i G643  |p 2014/6325